Responses for Show #2741 - Monday, July 1, 1996

Contestants

[<< previous game]

Diana Jarrett, a middle school administrator from Alexandria, Virginia

John Magolan, a computer programmer from Valley Forge, Pennsylvania

Paul Carlson, a transit policy analyst from Washington, D.C. (whose 1-day cash winnings total $22,002)

[next game >>]

Jeopardy! Round responses

SALESMEN
THE 18th CENTURY
BIRD WORDS & PHRASES
INVENTORS
CELEBRITIES' REAL NAMES
I ❤️ S.F.
(Alex: I love San Francisco.)
    $100 6
brushes

Paul
    $100 1
the dollar

John
    $100 26
a peacock

John
    $100 21
a steamboat

Paul
    $100 15
Jayne & Audrey Meadows

John
    $100 10
a cable car

Paul
    $200 7
a pen

John
    $200 2
the Rock of Ages

Paul
    $200 27
a turkey trot

Diana
    $200 22
Marconi

John
    $200 16
John Derek

John
    $200 11
Chinatown

Diana
    $300 8
Monopoly

John
    $300 3
France

John
    $300 28
an eagle eye

Paul
    $300 23
(Isaac) Singer

John
    $300 17
Mark Russell

John
    $300 12
the San Andreas Fault

John
    $400 9
Bill Clinton

Diana
    $400 4
"let them eat cake"

John
    $400 29
a canary

Paul
    $400 24
a bread slicer

Paul
    $400 18
Kate Capshaw

Triple Stumper
    $400 13
Candlestick Park

Paul
    $500 20
Ross Perot

John
    $800 5
(John: [No response])

Alamo

John
    $500 30
a goose

John
    $500 25
(Samuel) Morse

John
    $500 19
Sting

Paul
    $500 14
Bay Area Rapid Transit

John

Scores at the first commercial break (after clue 13):

Paul John Diana
$800 $800 $600

Scores at the end of the Jeopardy! Round:

Paul John Diana
$2,500 $4,000 $800

Double Jeopardy! Round responses

20th CENTURY BRITISH P.M.s
WORLD GEOGRAPHY
JACKS
STATUES
HODGEPODGE
POETS & POETRY
    $200 13
John Major

Paul
    $200 8
Australia

John
    $200 1
a jackrabbit

Diana
    $200 3
Jimmy Stewart

Diana
    $200 27
(Paul: What is a bat?)
(Alex: Yes. Be more...
[The end-of-round signal sounds.]
(Alex: ...be more specific on that one.)

a vampire bat

Paul
    $200 17
(Diana: Who is Milton?)

Dante

PaulDiana
    $400 14
(John: Who is Attlee?)
(Diana: Who is Churchill?)

(Neville) Chamberlain

PaulJohnDiana
    $400 9
the Cape of Good Hope

Paul
    $400 2
Jack Nicklaus

John
    $400 4
Memphis

Paul
    $600 15
(David) Lloyd George

John
    $600 10
a waterfall

Paul
    $2,000 19
(John: Who is Bob Hope?)
...
(Alex: "Love in Bloom", and Jack, you should have been thinking of JACKS 'cause that's the category. [*].)
...
(Alex: We're running out of time.)

Jack Benny

John
    $600 5
William Jennings Bryan

John
    $600 24
Lord Byron

Paul
    $800 16
Harold McMillan (or Harold Wilson)

Diana
    $800 11
Normandy

Paul
    $800 20
Jack Warner

Paul
    $800 6
the Colossus of Rhodes

Paul
    $800 25
a telescope

Paul
    $800 23
William Butler Yeats

Paul
    $1000 18
Balfour

John
    $2,500 12
the Balkan Peninsula

Paul
    $1000 21
(Alex: Now we have a minute to go.)

Jack Kerouac

Paul
    $1000 7
The Statue of Liberty

John
    $1000 26
Moroni

John
    $1000 22
(Paul: Who is Brodkey?)

W.H. Auden

Paul
Triple Stumper

Scores at the end of the Double Jeopardy! Round:

Paul John Diana
$12,000 $6,400 $1,400

[wagering suggestions for these scores]

Final Jeopardy! Round responses

BLACK HISTORY
DianaWho was Kenyatta?
$1,000
JohnWho is Marcus Garvey?
$5,600
PaulWho is M. Garvey?
$802
Marcus Garvey

Final scores:

Paul John Diana
$12,802 $12,000 $400
2-day champion: $34,804 2nd place: Lloyd/Flanders indoor/outdoor furniture set 3rd place: Krups kitchen appliance package

Game dynamics:

Coryat scores:

Paul John Diana
$10,500 $9,200 $1,400
24 R
(including 1 DD),
1 W
23 R,
3 W
(including 2 DDs)
6 R,
2 W

Combined Coryat: $21,100

[game clues] [game scores] [suggest correction]

Game tape date: Unknown
The J! Archive is created by fans, for fans. Scraping, republication, monetization, and malicious use prohibited; this site may use cookies and collect identifying information. See terms. The Jeopardy! game show and all elements thereof, including but not limited to copyright and trademark thereto, are the property of Jeopardy Productions, Inc. and are protected under law. This website is not affiliated with, sponsored by, or operated by Jeopardy Productions, Inc. Join the discussion at JBoard.tv.